00467nam a2200157Ia 45000010006000000050017000060080041000230410008000640820016000721000044000882450124001322600009002563000028002656500008002936540008003011603920260306170240.0260306t2003||||xx |||||||||||||| ||und|| aESP a346.52bW86 aWoolcott Oyague, Olenka [1968-...]eAUT 0aLa responsabilidad del productor:bestudio comparativo del modelo norteamericano y el régimen de la Comunidad Europea c2003 a520 páginas :c24 cm. aGEN aCDE